[Event "SR 4. liga A21 2009/2010"]
[Site "?"]
[Date "2009.10.11"]
[Round "1.2"]
[White "Zlamal, Marek"]
[Black "Tokos, Rastislav"]
[Result "0-1"]
[WhiteElo "1505"]
[BlackElo "1926"]
[PlyCount "86"]
[EventDate "2010.??.??"]

1. e4 c5 2. Nf3 Nc6 3. c4 g6 4. Nc3 Bg7 5. d3 d6 6. Be2 Nf6 7. h3 O-O 8. O-O h6
9. Be3 e5 10. Nh2 Kh7 11. f4 Ng8 12. f5 g5 13. Qd2 f6 14. Qe1 Nd4 15. Bd1 Bd7
16. h4 a6 17. hxg5 hxg5 18. Qg3 Nh6 19. Kf2 Rh8 20. Rh1 Kg8 21. Ng4 Bc6 22.
Nxh6+ Bxh6 23. Rh2 Kf7 24. Bh5+ Ke7 25. Rah1 Qb6 26. Bc1 Bg7 27. Nd1 Qa5 28.
Bxg5 fxg5 29. Qxg5+ Bf6 30. Qc1 Rag8 31. Bg6 Rxh2 32. Rxh2 Qa4 33. Nc3 Qc2+ 34.
Qxc2 Nxc2 35. g4 Rg7 36. Rh5 Kd7 37. g5 Be7 38. Nd1 b5 39. Ke2 bxc4 40. dxc4
Bxe4 41. Nf2 Nd4+ 42. Ke3 Nxf5+ 43. Bxf5+ Bxf5 0-1

[Event "SR 4. liga A21 2009/2010"]
[Site "?"]
[Date "2009.10.11"]
[Round "1.3"]
[White "Bjel, Lubos"]
[Black "Pericka, Pavol"]
[Result "0-1"]
[WhiteElo "1621"]
[BlackElo "1717"]
[PlyCount "52"]
[EventDate "2010.??.??"]

1. e4 e5 2. Nf3 Nc6 3. Bc4 Bc5 4. c3 Nf6 5. d3 h6 6. Be3 Bb6 7. Nbd2 d5 8. exd5
Nxd5 9. Qe2 O-O 10. O-O Be6 11. Bxd5 Qxd5 12. c4 Qd6 13. Ne4 Qe7 14. c5 Ba5 15.
a3 f5 16. Nc3 Bxc3 17. bxc3 f4 18. Bc1 Qxc5 19. Bb2 Rae8 20. d4 exd4 21. cxd4
Qh5 22. Qd2 Bd5 23. Qc3 Re6 24. Kh1 Rg6 25. Rae1 Rxg2 26. Kxg2 Qg4+ 0-1

[Event "SR 4. liga A21 2009/2010"]
[Site "?"]
[Date "2009.10.11"]
[Round "1.3"]
[White "Hanzluvka, Peter"]
[Black "Krchnak, Rudolf"]
[Result "1-0"]
[WhiteElo "2007"]
[BlackElo "1914"]
[PlyCount "57"]
[EventDate "2010.??.??"]

1. e4 d6 2. d4 Nf6 3. Nc3 c6 4. Nf3 Bg4 5. Be2 e6 6. Bg5 Be7 7. O-O Bxf3 8.
Bxf3 Nxe4 9. Bxe7 Nxc3 10. Bxd8 Nxd1 11. Bg5 Nxb2 12. Rab1 Nc4 13. Rxb7 O-O 14.
Rfb1 Nb6 15. Be7 Re8 16. Bxd6 Rd8 17. Bf4 Rc8 18. g3 h6 19. c4 g5 20. Be5 N8d7
21. c5 Nxe5 22. dxe5 Nd5 23. Bh5 Nc7 24. Rd1 Na6 25. Bxf7+ Kh8 26. Bg6 Nxc5 27.
Re7 a5 28. Rc1 Nd3 29. Bxd3 1-0

[Event "SR 4. liga A21 2009/2010"]
[Site "?"]
[Date "2009.10.11"]
[Round "1.3"]
[White "Skapik, Branislav"]
[Black "Lajda, Dusan"]
[Result "0-1"]
[WhiteElo "1847"]
[BlackElo "1872"]
[PlyCount "42"]
[EventDate "2010.??.??"]

1. e4 c5 2. Nf3 d6 3. d4 cxd4 4. Nxd4 Nc6 5. Nc3 a6 6. Bc4 Nf6 7. Bg5 e6 8. Qd2
Be7 9. O-O-O Bd7 10. f4 b5 11. e5 bxc4 12. exf6 gxf6 13. Bh4 d5 14. f5 Nxd4 15.
Qxd4 Rg8 16. Qf4 Rb8 17. Bg3 e5 18. Qh6 Qb6 19. b3 cxb3 20. axb3 Qc5 21. Rxd5
Qxc3 0-1

[Event "SR 4. liga A21 2009/2010"]
[Site "?"]
[Date "2009.10.11"]
[Round "1.3"]
[White "Smrek, Peter"]
[Black "Spacek, Oliver"]
[Result "0-1"]
[WhiteElo "1919"]
[BlackElo "1779"]
[PlyCount "72"]
[EventDate "2010.??.??"]

1. e4 c5 2. Nf3 Nc6 3. d4 cxd4 4. Nxd4 Nf6 5. Nc3 e5 6. Nxc6 bxc6 7. Bg5 Be7 8.
Qd2 h6 9. Bxf6 Bxf6 10. Bc4 O-O 11. O-O Rb8 12. b3 Be7 13. Qd3 Kh8 14. Ba6 Bxa6
15. Qxa6 Qc7 16. Rad1 d6 17. Qc4 Qb7 18. Rd3 f5 19. Rg3 f4 20. Rd3 g5 21. Rfd1
Rf6 22. f3 h5 23. h3 Kg7 24. Kf2 Qc8 25. Qa4 Rb7 26. Qa6 Rg6 27. Ne2 g4 28. Ng1
d5 29. Qa4 Bc5+ 30. Kf1 Bxg1 31. Kxg1 gxh3 32. R1d2 hxg2 33. Rxg2 Rxg2+ 34.
Kxg2 Kh8 35. exd5 Rg7+ 36. Kf2 Qh3 0-1

[Event "SR 4. liga A21 2009/2010"]
[Site "?"]
[Date "2009.10.11"]
[Round "1.3"]
[White "Spacek, Marcel"]
[Black "Tomasovic, Martin"]
[Result "1-0"]
[WhiteElo "1585"]
[BlackElo "1534"]
[PlyCount "93"]
[EventDate "2010.??.??"]

1. d4 d5 2. c4 dxc4 3. e3 e6 4. Bxc4 Nf6 5. Nf3 Bd6 6. Nc3 c6 7. O-O Bd7 8. e4
Bc7 9. Bg5 h6 10. Bh4 g5 11. Bg3 Bxg3 12. hxg3 Qc7 13. e5 Nd5 14. Ne4 Ne7 15.
Nh2 Kd8 16. Nd6 Be8 17. Ng4 Nd7 18. Qf3 Rh7 19. Bd3 Ng6 20. Ne4 a6 21. Qe3 Kc8
22. Rfc1 Kd8 23. Nxh6 Kc8 24. Nd6+ Kb8 25. Nxe8 Qd8 26. Nd6 Qe7 27. Ng4 Kc7 28.
b4 Rah8 29. Kf1 f5 30. Bxf5 exf5 31. Nxf5 Rh1+ 32. Ke2 Rxc1 33. Rxc1 Qxb4 34.
Qd2 Qb5+ 35. Qd3 Qd5 36. Nge3 Qxa2+ 37. Rc2 Qe6 38. Ng7 Qf7 39. Nef5 Ngf8 40.
Qe4 Nb6 41. e6 Nxe6 42. Qe5+ Kd8 43. Nxe6+ Kd7 44. Qd6+ Kc8 45. Ne7+ Qxe7 46.
Qxe7 Nd7 47. Qd6 1-0

[Event "SR 4. liga A21 2009/2010"]
[Site "?"]
[Date "2009.10.11"]
[Round "1.4"]
[White "Blatnicky, Miroslav"]
[Black "Kovarik, Oto"]
[Result "0-1"]
[WhiteElo "2109"]
[BlackElo "2053"]
[PlyCount "105"]
[EventDate "2010.??.??"]

1. e4 c5 2. Nf3 e6 3. Nc3 Nc6 4. d4 cxd4 5. Nxd4 d6 6. Bc4 Nf6 7. Be3 Be7 8. h4
a6 9. Qf3 Ne5 10. Qe2 Nxc4 11. Qxc4 Bd7 12. O-O-O b5 13. Qd3 Ng4 14. Nf3 Rc8
15. a3 Qa5 16. e5 d5 17. Bd4 b4 18. axb4 Bxb4 19. Nd2 Bxc3 20. Nb3 Bxb2+ 21.
Kxb2 Qc7 22. Qe2 h5 23. Rhe1 O-O 24. f3 Nh6 25. Bc5 Rfe8 26. Qxa6 Ra8 27. Qd3
Ba4 28. Bd6 Qb7 29. Ra1 Nf5 30. Bc5 Rec8 31. Bf2 Rc4 32. Ra3 Rac8 33. Rc1 Qc7
34. Qe2 Bxb3 35. Rxb3 Rc3 36. Qd2 Rxb3+ 37. cxb3 Qxe5+ 38. Kb1 Rb8 39. b4 Nd6
40. Bc5 Nc4 41. Rxc4 dxc4 42. Qd6 Qxd6 43. Bxd6 Rd8 44. Bc5 Rd3 45. Kc2 Rb3 46.
Bd6 f6 47. Bc5 g6 48. Bd6 Kf7 49. Bc5 e5 50. Bd6 Ke6 51. Bf8 Kd5 52. Be7 f5 53.
Bc5 0-1

[Event "SR 4. liga A21 2009/2010"]
[Site "?"]
[Date "2009.10.11"]
[Round "1.4"]
[White "Dubecky, Ladislav"]
[Black "Jakubec, Milan"]
[Result "0-1"]
[WhiteElo "1568"]
[BlackElo "2039"]
[PlyCount "68"]
[EventDate "2010.??.??"]

1. e4 e5 2. f4 Bc5 3. Nf3 d6 4. Bc4 Nf6 5. Nc3 a6 6. d4 exd4 7. Nxd4 c6 8. e5
dxe5 9. fxe5 Bxd4 10. exf6 O-O 11. Ne2 Bxf6 12. O-O Qb6+ 13. Kh1 Bg4 14. Qd3
Re8 15. Qg3 Bxe2 16. Bxe2 c5 17. Bd3 Qe6 18. c3 Nc6 19. Bf4 Rad8 20. Bc2 Be5
21. Qh4 h6 22. Qf2 Bxf4 23. Qxf4 b5 24. Rf2 Re7 25. Bb3 c4 26. Bc2 Rde8 27.
Raf1 Ne5 28. Qe4 f6 29. Qh7+ Kf8 30. h3 Nf7 31. Bd1 Qe4 32. Bc2 Qxh7 33. Bxh7
Re2 34. Bg6 R8e3 0-1

[Event "SR 4. liga A21 2009/2010"]
[Site "?"]
[Date "2009.10.11"]
[Round "1.4"]
[White "Kramarik, Peter"]
[Black "Damborsky, Pavol"]
[Result "1/2-1/2"]
[WhiteElo "2017"]
[BlackElo "1667"]
[PlyCount "80"]
[EventDate "2010.??.??"]

1. e4 e5 2. Nf3 d6 3. d4 exd4 4. Nxd4 Nf6 5. Nc3 Be7 6. Bc4 O-O 7. h3 Nbd7 8.
Be3 Ne5 9. Be2 a6 10. f4 Ng6 11. a4 c5 12. Nb3 Bd7 13. O-O Bc6 14. Bf3 Nh4 15.
Qe1 Nxf3+ 16. gxf3 Nh5 17. Qd2 Bh4 18. Rad1 Qc8 19. Qg2 Bd7 20. f5 Bg3 21. Ne2
Be5 22. c3 Qe8 23. Rd2 Bxa4 24. Na5 Bc6 25. f4 Bf6 26. Nxc6 Qxc6 27. Rfd1 Be7
28. e5 Qxg2+ 29. Kxg2 dxe5 30. fxe5 b6 31. Rd7 Bh4 32. Rb7 Rfe8 33. Rd5 Rab8
34. Ra7 a5 35. Kf3 g6 36. Kg4 Bd8 37. fxg6 hxg6 38. c4 Nf6+ 39. exf6 Rxe3 40.
Nf4 Bxf6 1/2-1/2

[Event "SR 4. liga A21 2009/2010"]
[Site "?"]
[Date "2009.10.11"]
[Round "1.4"]
[White "Lanyi, Frantisek"]
[Black "Hanzalik, Alojz"]
[Result "1-0"]
[WhiteElo "1714"]
[BlackElo "1408"]
[PlyCount "85"]
[EventDate "2010.??.??"]

1. e4 c5 2. Nf3 d6 3. d4 cxd4 4. Nxd4 g6 5. Bc4 Bg7 6. c3 Bd7 7. O-O e5 8. Ne2
Qc7 9. Qb3 Bc6 10. Ng3 Nf6 11. f3 O-O 12. Be3 Nbd7 13. Nd2 a6 14. Rad1 b5 15.
Be2 Bb7 16. c4 Nc5 17. Qc3 Bc6 18. b4 Na4 19. Qb3 Bd7 20. cxb5 axb5 21. Rc1 Qb7
22. Qd3 Qa6 23. Rc2 Rfc8 24. Rfc1 Ne8 25. Nb3 Nb6 26. Rxc8 Nxc8 27. Na5 Ne7 28.
a4 Rb8 29. Qd1 Qa8 30. axb5 Bxb5 31. Bxb5 Rxb5 32. Bd2 Qa7+ 33. Kf1 Qa6 34. Qe2
Qb6 35. Qc4 Qb8 36. Nc6 Nxc6 37. Qxc6 Rb7 38. Ra1 Bf8 39. Ne2 Nc7 40. f4 Rb6
41. Qc4 Bg7 42. g3 Qb7 43. Rc1 {zvysok partie sa neda zrekonstruovat} 1-0

[Event "SR 4. liga A21 2009/2010"]
[Site "?"]
[Date "2009.10.11"]
[Round "1.4"]
[White "Pisecky, Jan"]
[Black "Bjel, Jan"]
[Result "0-1"]
[WhiteElo "1537"]
[BlackElo "1837"]
[PlyCount "62"]
[EventDate "2010.??.??"]

1. e4 e6 2. Nf3 d5 3. exd5 exd5 4. d4 Bd6 5. Be3 h6 6. h3 Be6 7. Be2 Nd7 8. a3
c6 9. Nbd2 f5 10. Nb3 Qc7 11. Qd3 Ne7 12. c3 f4 13. Bc1 Qb6 14. Bd1 O-O-O 15.
O-O g5 16. Nh2 h5 17. f3 Rdg8 18. Re1 Bf5 19. Qf1 Nf6 20. a4 Qc7 21. Nc5 g4 22.
Ne6 Qd7 23. Qe2 gxh3 24. Nxf4 Bxf4 25. g4 hxg4 26. Qxe7 Bxh2+ 27. Kxh2 g3+ 28.
Kh1 Qxe7 29. Rxe7 g2+ 30. Kg1 h2+ 31. Kf2 g1=Q+ 0-1

[Event "SR 4. liga A21 2009/2010"]
[Site "?"]
[Date "2009.10.11"]
[Round "1.5"]
[White "Klimes, Karel"]
[Black "Kubik, Peter"]
[Result "1/2-1/2"]
[WhiteElo "1531"]
[BlackElo "1583"]
[PlyCount "62"]
[EventDate "2010.??.??"]

1. e4 e5 2. Nf3 Nc6 3. Bc4 Bc5 4. c3 Nf6 5. d3 O-O 6. Bg5 d6 7. O-O Bg4 8. Nbd2
h6 9. Bh4 Na5 10. Bb5 a6 11. Ba4 b5 12. b4 Nb7 13. Bb3 Bb6 14. Bd5 Ra7 15. a4
c5 16. axb5 cxb4 17. cxb4 g5 18. Bxb7 Rxb7 19. bxa6 Ra7 20. Bg3 Bd4 21. Ra3 Qb6
22. Qb3 Be6 23. Nc4 Bxc4 24. Qxc4 Rc7 25. Qa2 Qxb4 26. Ra4 Qb6 27. Nxd4 exd4
28. h3 Nh5 29. Rb1 Nxg3 30. Rxb6 Rc1+ 31. Kh2 Nf1+ 1/2-1/2

[Event "SR 4. liga A21 2009/2010"]
[Site "?"]
[Date "2009.10.11"]
[Round "1.5"]
[White "Kubik, Peter"]
[Black "Hrubsa, Marian"]
[Result "0-1"]
[WhiteElo "1723"]
[BlackElo "1930"]
[PlyCount "91"]
[EventDate "2010.??.??"]

1. e4 e6 2. d4 d5 3. Nd2 Nf6 4. e5 Nfd7 5. Bd3 c5 6. c3 cxd4 7. cxd4 Nc6 8. Ne2
f6 9. exf6 Nxf6 10. Nf3 Bd6 11. O-O O-O 12. Bf4 Bxf4 13. Nxf4 Qd6 14. g3 Bd7
15. Re1 Rae8 16. Ne5 Nb4 17. Bf1 Ne4 18. f3 Nf6 19. Bh3 Bc8 20. a3 Nc6 21. Rc1
Na5 22. Re2 Qb6 23. b4 Nc4 24. Nxc4 dxc4 25. Rxc4 e5 26. Bxc8 exf4 27. Rxe8
Rxe8 28. gxf4 Nd5 29. Qd2 Qg6+ 30. Kf2 Qh6 31. Kg3 Rf8 32. Bxb7 Nxf4 33. Qc2
Qh3+ 34. Kf2 Re8 35. Be4 Qxh2+ 36. Ke3 Nd5+ 37. Kd3 Nf4+ 38. Kc3 Qh6 39. Kb2
Qf6 40. Qc3 Ne2 41. Qe3 Nf4 42. Bxh7+ Kf8 43. Be4 Nd5 44. Qc1 Nb6 45. Rc7 Qxd4+
46. Qc3 0-1

[Event "SR 4. liga A21 2009/2010"]
[Site "?"]
[Date "2009.10.11"]
[Round "1.5"]
[White "Planka, Peter"]
[Black "Wallner, Juraj"]
[Result "1-0"]
[WhiteElo "1776"]
[BlackElo "1415"]
[PlyCount "83"]
[EventDate "2010.??.??"]

1. e4 c5 2. Nf3 e6 3. d4 d5 4. exd5 exd5 5. Bb5+ Nc6 6. O-O cxd4 7. Qxd4 Nf6 8.
Ne5 Bd7 9. Bxc6 bxc6 10. Nxd7 Qxd7 11. Re1+ Be7 12. Qe5 O-O 13. Qxe7 Rfe8 14.
Qb4 c5 15. Qa5 Qf5 16. Na3 d4 17. Rxe8+ Rxe8 18. Bd2 Ng4 19. Qb5 Qxf2+ 20. Kh1
Rf8 21. Be1 Qf4 22. Bg3 Qg5 23. Qf1 h5 24. Qf4 Qg6 25. Re1 Ne3 26. c3 Rd8 27.
cxd4 cxd4 28. Qc7 Qg5 29. Nc4 h4 30. Nxe3 hxg3 31. Nf5 Rf8 32. Nxg3 d3 33. Qe5
Qg6 34. Rd1 Rd8 35. Nf5 Qf6 36. Qxf6 gxf6 37. Kg1 Kh7 38. Kf2 Kg6 39. Ne7+ Kg5
40. Nc6 Rd7 41. Nb4 Kf4 42. Nxd3+ 1-0

[Event "SR 4. liga A21 2009/2010"]
[Site "?"]
[Date "2009.10.11"]
[Round "1.5"]
[White "Vach, Jozef"]
[Black "Klimesova, Lucia"]
[Result "0-1"]
[WhiteElo "1907"]
[BlackElo "1522"]
[PlyCount "52"]
[EventDate "2010.??.??"]

1. e4 e5 2. f4 exf4 3. Nf3 Nc6 4. d4 d6 5. Bxf4 Be7 6. d5 Nb8 7. Qd4 Nf6 8.
Bb5+ c6 9. Bd3 Bg4 10. Nbd2 O-O 11. c4 cxd5 12. cxd5 Nbd7 13. Rc1 Nb6 14. O-O
Qd7 15. b3 Rfc8 16. Nc4 Nxc4 17. Rxc4 a6 18. Nd2 b5 19. Rxc8+ Rxc8 20. e5 dxe5
21. Bxe5 Rd8 22. Bxf6 Bxf6 23. Qe4 Qxd5 24. Qxg4 Qxd3 25. Rxf6 Qxd2 26. Rxa6
Qe1# 0-1

[Event "SR 4. liga A21 2009/2010"]
[Site "?"]
[Date "2009.10.11"]
[Round "1.6"]
[White "Gasa, Patrik"]
[Black "Lesay, Jozef"]
[Result "1-0"]
[WhiteElo "1465"]
[BlackElo "1000"]
[PlyCount "29"]
[EventDate "2010.??.??"]

1. e4 e5 2. Bc4 Nc6 3. Nf3 Nf6 4. O-O Bc5 5. c3 b6 6. d4 exd4 7. cxd4 Be7 8.
Nc3 O-O 9. Bb3 Ba6 10. Re1 Bb7 11. a3 Na5 12. Bc2 h6 13. Qd3 a6 14. e5 Nd5 15.
Qh7# 1-0

[Event "SR 4. liga A21 2009/2010"]
[Site "?"]
[Date "2009.10.11"]
[Round "1.6"]
[White "Gubis, Vladimir"]
[Black "Danada, Tomas"]
[Result "1/2-1/2"]
[WhiteElo "1786"]
[BlackElo "1772"]
[PlyCount "75"]
[EventDate "2010.??.??"]

1. d4 Nf6 2. c4 g6 3. Nc3 d5 4. cxd5 Nxd5 5. e4 Nxc3 6. bxc3 Bg7 7. Bc4 c5 8.
Ne2 Nc6 9. Be3 O-O 10. O-O Qa5 11. Rb1 a6 12. Qc2 cxd4 13. cxd4 e6 14. Rfd1 Rd8
15. d5 exd5 16. Bb6 Qa3 17. Bxd5 Nb4 18. Qc4 Rxd5 19. exd5 a5 20. Nd4 Qxa2 21.
Qxa2 Nxa2 22. Re1 Bf5 23. Rb3 Nb4 24. Nxf5 gxf5 25. Rd1 Bf6 26. d6 Nc6 27. d7
Bd8 28. Re1 f6 29. Re8+ Kf7 30. Bc7 a4 31. Ra3 b5 32. Rh3 a3 33. Rxh7+ Kg6 34.
Rhh8 a2 35. Rhg8+ Kf7 36. Rgf8+ Kg6 37. Rg8+ Kf7 38. Rgf8+ 1/2-1/2

[Event "SR 4. liga A21 2009/2010"]
[Site "?"]
[Date "2009.10.11"]
[Round "1.6"]
[White "Jozefek, Michal"]
[Black "Siska, Michal"]
[Result "1-0"]
[WhiteElo "1902"]
[BlackElo "1607"]
[PlyCount "109"]
[EventDate "2010.??.??"]

1. d4 d5 2. c4 c6 3. Nf3 Nf6 4. Qc2 g6 5. Bf4 Bf5 6. Qb3 b6 7. e3 Nbd7 8. Na3
a5 9. Qa4 Rc8 10. Ne5 Nxe5 11. Bxe5 dxc4 12. f3 b5 13. Qd1 Bd7 14. e4 a4 15.
Be2 e6 16. Nc2 Bg7 17. O-O O-O 18. Nb4 Nh5 19. Bd6 Re8 20. f4 Nf6 21. Bf3 Bf8
22. Bxf8 Rxf8 23. Na6 Be8 24. e5 Nd5 25. Qd2 Nb6 26. Nc5 Qc7 27. g4 Nd7 28. Ne4
c5 29. dxc5 Nxc5 30. Nf6+ Kh8 31. Rad1 Nd3 32. Be4 Qc5+ 33. Kg2 Qb4 34. Bxd3
Qxd2+ 35. Rxd2 cxd3 36. Rxd3 Rc2+ 37. Rf2 Bc6+ 38. Kg3 Rxf2 39. Kxf2 Rc8 40.
Rh3 h5 41. gxh5 gxh5 42. Rxh5+ Kg7 43. h4 Bb7 44. Rh7+ Kg6 45. h5+ Kf5 46. Rxf7
Kxf4 47. Rxb7 Rc2+ 48. Kg1 Rc1+ 49. Kg2 Rc2+ 50. Kh3 Rxb2 51. h6 Rxa2 52. h7
Ra3+ 53. Kh4 Ra1 54. Nh5+ Kf5 55. h8=Q 1-0

[Event "SR 4. liga A21 2009/2010"]
[Site "?"]
[Date "2009.10.11"]
[Round "1.6"]
[White "Nemeckayova, Monika"]
[Black "Veres, Marcel"]
[Result "1-0"]
[WhiteElo "1751"]
[BlackElo "1526"]
[PlyCount "125"]
[EventDate "2010.??.??"]

1. d4 d5 2. c4 dxc4 3. Qa4+ Bd7 4. Qxc4 Nf6 5. Nc3 Bc6 6. f3 e6 7. e4 b6 8. Bf4
Be7 9. Bd3 a6 10. Nge2 b5 11. Qb3 b4 12. Nd1 Qd7 13. Qc2 a5 14. O-O a4 15. Qc4
Ra5 16. Rc1 O-O 17. Nf2 Rc8 18. Rfd1 Bb5 19. Qc2 b3 20. Qc3 Bxd3 21. Rxd3 Rb5
22. a3 c6 23. Qd2 Bd8 24. Rc4 Ba5 25. Qc1 Bb6 26. Rxa4 Qe7 27. Rc4 Ba7 28. Rdc3
Qd7 29. Qe3 Rb6 30. Rxb3 Rxb3 31. Qxb3 Ne8 32. Rb4 Na6 33. Rb7 Qd8 34. Rxa7 Qa5
35. Qb4 Qxb4 36. axb4 Nxb4 37. Rb7 Na6 38. Nd3 f6 39. Nc5 Nxc5 40. dxc5 Rd8 41.
Bd6 Nxd6 42. cxd6 Rxd6 43. Rc7 Rd2 44. Kf2 Rxb2 45. Rxc6 e5 46. Rc7 h6 47. Ke3
Kh7 48. Kf2 h5 49. g3 Kh6 50. f4 exf4 51. gxf4 g5 52. e5 fxe5 53. fxe5 Rb5 54.
e6 Rf5+ 55. Kg3 h4+ 56. Kg2 Re5 57. Nd4 g4 58. e7 h3+ 59. Kg3 Kh5 60. Nc6 Re3+
61. Kf2 Rf3+ 62. Ke2 Rf6 63. e8=Q+ 1-0

[Event "SR 4. liga A21 2009/2010"]
[Site "?"]
[Date "2009.10.11"]
[Round "1.6"]
[White "Oravec, Pavol"]
[Black "Nemeckay, Rastislav"]
[Result "0-1"]
[WhiteElo "1000"]
[BlackElo "1780"]
[PlyCount "138"]
[EventDate "2010.??.??"]

1. e4 e5 2. Nf3 Nf6 3. Nc3 Nc6 4. Bb5 d6 5. d4 exd4 6. Nxd4 Bd7 7. Nxc6 Bxc6 8.
Bxc6+ bxc6 9. O-O Be7 10. Be3 O-O 11. Qf3 Re8 12. Rad1 Qc8 13. h3 Qe6 14. Rd2
c5 15. Re1 c6 16. Bf4 d5 17. e5 Nd7 18. Na4 Nb6 19. Nxb6 axb6 20. a3 Ra4 21.
Bg3 Bg5 22. Rde2 Qh6 23. Qb3 b5 24. Qf3 Rd4 25. c3 Rd2 26. Kf1 Rxe2 27. Rxe2
Bc1 28. Qf5 Bg5 29. f4 Bd8 30. Qd7 Qe6 31. Qxe6 fxe6 32. Bf2 Be7 33. Ke1 Ra8
34. Kd2 b4 35. axb4 cxb4 36. cxb4 Bxb4+ 37. Kd3 c5 38. Rc2 c4+ 39. Ke2 Kf7 40.
Bd4 Ra2 41. g4 g6 42. h4 h5 43. Kf3 Ra1 44. gxh5 gxh5 45. Rg2 Rf1+ 46. Ke3 Rh1
47. f5 exf5 48. Rg5 Rxh4 49. Rxf5+ Ke7 50. Rf4 Bd2+ 51. Kxd2 Rxf4 52. Bc5+ Ke6
53. Bd6 Re4 54. Bb8 h4 55. Ba7 h3 56. Bg1 Rg4 57. Be3 h2 58. Kc3 Rg3 59. Kd4
Rxe3 60. Kxe3 Kxe5 61. b3 cxb3 62. Kd3 h1=Q 63. Kc3 b2 64. Kxb2 Qf3 65. Kc2 Kd4
66. Kb2 Qc3+ 67. Ka2 Qb4 68. Ka1 Kc3 69. Ka2 Qb2# 0-1

[Event "SR 4. liga A21 2009/2010"]
[Site "?"]
[Date "2009.10.25"]
[Round "2.1"]
[White "Orvisky, Vladimir"]
[Black "Kupkovic, Miroslav"]
[Result "1/2-1/2"]
[WhiteElo "1883"]
[BlackElo "1690"]
[PlyCount "110"]
[EventDate "2010.??.??"]

1. c4 Nf6 2. Nc3 g6 3. d4 Bg7 4. Nf3 d5 5. cxd5 Nxd5 6. g3 c6 7. Bg2 O-O 8. O-O
Nxc3 9. bxc3 Be6 10. Bf4 Bc4 11. Ne5 Ba6 12. Re1 Nd7 13. Nd3 Bxd3 14. Qxd3 e5
15. Be3 exd4 16. cxd4 Nb6 17. Rab1 Qe7 18. Qb3 Rfd8 19. Red1 Kh8 20. Bf3 Rd7
21. Rd3 Rad8 22. Rbd1 Nd5 23. Bd2 Bf8 24. Rb1 f5 25. h4 Qf7 26. Qb2 Be7 27. Rb3
b6 28. Rc1 Rc8 29. Rc2 Bf6 30. e3 Qe6 31. Qa3 Be7 32. Qa6 Rdc7 33. Qc4 b5 34.
Qd3 a5 35. Rb1 Rd7 36. Rbc1 Qf6 37. e4 fxe4 38. Bxe4 Rd6 39. Bxa5 Qf7 40. Bd2
Bf6 41. Qf3 Qe6 42. Rc5 Re8 43. Bxd5 cxd5 44. Re1 Qd7 45. Rxe8+ Qxe8 46. Rxd5
Rxd5 47. Qxd5 Qc8 48. Qd6 Kg7 49. Qf4 Qc4 50. Be3 Qxa2 51. Qc7+ Kg8 52. Qc8+
Kg7 53. Qd7+ Kg8 54. Bh6 Qb1+ 55. Kh2 Qe4 1/2-1/2

[Event "SR 4. liga A21 2009/2010"]
[Site "?"]
[Date "2009.10.25"]
[Round "2.1"]
[White "Piestansky, Jan"]
[Black "Ochotnicky, Eduard"]
[Result "1/2-1/2"]
[WhiteElo "1586"]
[BlackElo "1505"]
[PlyCount "109"]
[EventDate "2010.??.??"]

1. e4 e5 2. Nf3 Nc6 3. Bc4 h6 4. c3 Nf6 5. d3 d5 6. exd5 Nxd5 7. h3 g5 8. Be3
Bf5 9. Qb3 Nce7 10. Nxe5 Bg7 11. d4 O-O 12. Nd2 Bxe5 13. dxe5 b6 14. Rd1 c6 15.
Nf3 Be6 16. Bxd5 cxd5 17. Nd4 Qc7 18. Nxe6 fxe6 19. Bd4 Ng6 20. g3 Nxe5 21. O-O
Rf5 22. Bxe5 Qxe5 23. Rfe1 Qf6 24. Qc2 h5 25. Qe2 Re8 26. Qxh5 Re7 27. Qg4 Qh6
28. Kg2 Qf6 29. Re2 e5 30. Rh1 Rf7 31. Rf1 Qc6 32. f3 Kf8 33. Ref2 Qf6 34. Qb4+
Kg7 35. Qg4 e4 36. f4 Kf8 37. Qd1 gxf4 38. Rxf4 Qe5 39. Rxf5 Rxf5 40. Qe2 Ke7
41. Rxf5 Qxf5 42. Qe3 Ke6 43. Qf2 Qg5 44. Qe2 Ke5 45. h4 Qf6 46. Qf2 Qh6 47.
Kh3 Qc1 48. Qe2 e3 49. Kg2 Ke4 50. h5 b5 51. a3 a5 52. Qf3+ Kd3 53. Qxd5+ Kc2
54. Qf5+ Kd1 55. Qf3+ 1/2-1/2

[Event "SR 4. liga A21 2009/2010"]
[Site "?"]
[Date "2009.10.25"]
[Round "2.1"]
[White "Sedlak, Rastislav"]
[Black "Pripko, Bystrik"]
[Result "1/2-1/2"]
[WhiteElo "1562"]
[BlackElo "1591"]
[PlyCount "144"]
[EventDate "2010.??.??"]

1. e4 e5 2. Nf3 Nc6 3. Bc4 Bc5 4. O-O Nf6 5. d3 h6 6. Nc3 O-O 7. h3 d6 8. Re1
a6 9. Be3 Ba7 10. a3 Be6 11. Nd5 b5 12. Ba2 Nh7 13. b4 Ne7 14. c4 c6 15. Nxe7+
Qxe7 16. Qd2 Qf6 17. c5 dxc5 18. Bxc5 Bxc5 19. bxc5 Bxa2 20. Rxa2 a5 21. Qc3
Rfe8 22. d4 exd4 23. Qxd4 Qxd4 24. Nxd4 Rac8 25. f4 Nf6 26. e5 Nd5 27. g3 g6
28. f5 gxf5 29. Nxf5 Re6 30. Nd6 Rf8 31. Rf2 f6 32. Rf5 fxe5 33. Rfxe5 Rxe5 34.
Rxe5 Rf3 35. Re8+ Kg7 36. Kg2 Rc3 37. Nb7 Rxa3 38. Rc8 Nb4 39. Rc7+ Kg6 40. Nd8
Rc3 41. Nxc6 Nxc6 42. Rxc6+ Kg5 43. h4+ Kg4 44. Rg6+ Kh5 45. Ra6 a4 46. c6 Kg4
47. c7 Rxg3+ 48. Kf2 Rc3 49. Rxh6 Rxc7 50. Rb6 Rc5 51. Ke3 Rc3+ 52. Kd4 Rb3 53.
h5 Kxh5 54. Kc5 a3 55. Ra6 b4 56. Ra5 Rb2 57. Kc4+ Kg4 58. Ra8 a2 59. Rg8+ Kf5
60. Rf8+ Ke6 61. Re8+ Kd7 62. Ra8 b3 63. Ra7+ Kc8 64. Kd5 Rb1 65. Kc6 Rc1+ 66.
Kb6 a1=Q 67. Ra4 Qf6+ 68. Kb5 Qc6+ 69. Kb4 Qc5+ 70. Kxb3 Qc3+ 71. Ka2 Rc2+ 72.
Kb1 Qb2# 1/2-1/2

[Event "SR 4. liga A21 2009/2010"]
[Site "?"]
[Date "2009.10.25"]
[Round "2.1"]
[White "Slaby, Jozef"]
[Black "Manak, Adrian"]
[Result "1/2-1/2"]
[WhiteElo "1963"]
[BlackElo "1815"]
[PlyCount "77"]
[EventDate "2010.??.??"]

1. d4 d5 2. c4 c6 3. e3 Nf6 4. Nf3 e6 5. Bd3 dxc4 6. Bxc4 Bb4+ 7. Bd2 Qe7 8. a3
Bxd2+ 9. Nbxd2 O-O 10. O-O Nbd7 11. Qc2 e5 12. Bd3 exd4 13. exd4 Nb6 14. Rfe1
Qc7 15. Ne4 Nbd5 16. Nxf6+ Nxf6 17. Re5 h6 18. h3 Re8 19. Rae1 Bd7 20. R1e3
Rxe5 21. Nxe5 Be6 22. g4 Qd6 23. Bc4 Bxc4 24. Qxc4 Qd5 25. Qxd5 Nxd5 26. Rb3 f6
27. Nc4 b6 28. Rf3 Re8 29. Ne3 Re4 30. Nxd5 cxd5 31. Rd3 Kf7 32. Kg2 Ke6 33.
Kg3 Kd6 34. b4 Kc6 35. f3 Re2 36. Kf4 g6 37. h4 Rh2 38. Kg3 Re2 39. Kf4 1/2-1/2

[Event "SR 4. liga A21 2009/2010"]
[Site "?"]
[Date "2009.10.25"]
[Round "2.1"]
[White "Vagovic, Milan"]
[Black "Siska, Michal"]
[Result "1/2-1/2"]
[WhiteElo "1654"]
[BlackElo "1607"]
[PlyCount "128"]
[EventDate "2010.??.??"]

1. d4 d5 2. c4 c6 3. Nf3 Nf6 4. Nc3 Bg4 5. e3 e6 6. Be2 Bb4 7. O-O O-O 8. Qc2
Bf5 9. Qb3 Qe7 10. a3 Bxc3 11. bxc3 b6 12. a4 Qc7 13. cxd5 cxd5 14. Bb2 Nc6 15.
Rfc1 Na5 16. Qa2 Qb7 17. Nd2 Ne4 18. Nxe4 Bxe4 19. f3 Bg6 20. c4 dxc4 21. Bxc4
Nxc4 22. Rxc4 a6 23. Rc3 Rfc8 24. Rac1 Rxc3 25. Rxc3 b5 26. axb5 axb5 27. Qb3
h6 28. Ba3 Qa6 29. Bb2 Qa5 30. Rc1 Rb8 31. e4 Qb6 32. Kf1 Qd6 33. g3 h5 34. Kg2
Qa6 35. Ra1 Qb7 36. d5 exd5 37. exd5 Rc8 38. Rc1 Bf5 39. Rxc8+ Bxc8 40. d6 Qc6
41. Qc3 Qxc3 42. Bxc3 Kf8 43. Bb4 Ke8 44. h3 Kd7 45. g4 hxg4 46. fxg4 Kc6 47.
Kf3 Kd5 48. Ke3 Kc4 49. Be1 b4 50. Kd2 Kb3 51. Kc1 Ka3 52. Bf2 Kb3 53. Bd4 g6
54. Be5 Kc4 55. Kb2 Be6 56. Bf6 Kd3 57. Be7 Ke4 58. g5 Bxh3 59. Kb3 Kd5 60.
Kxb4 Kc6 61. Kc4 Be6+ 62. Kd4 Kd7 63. Ke5 Ba2 64. Kf6 Bb3 1/2-1/2

[Event "SR 4. liga A21 2009/2010"]
[Site "?"]
[Date "2009.10.25"]
[Round "2.2"]
[White "Danada, Tomas"]
[Black "Kubik, Peter"]
[Result "1-0"]
[WhiteElo "1772"]
[BlackElo "1723"]
[PlyCount "77"]
[EventDate "2010.??.??"]

1. e4 c6 2. d4 d5 3. Nc3 dxe4 4. Nxe4 Bf5 5. Ng3 Bg6 6. h4 h6 7. Nf3 Nf6 8. Ne5
Bh7 9. Bc4 e6 10. Qe2 Nd5 11. Qh5 Qc7 12. Bxd5 cxd5 13. Bf4 Qe7 14. O-O Nd7 15.
Rfe1 g6 16. Qg4 Bg7 17. c4 dxc4 18. Nxc4 Nf6 19. Qd1 Nd5 20. Qa4+ Qd7 21. Qxd7+
Kxd7 22. Ne5+ Bxe5 23. Bxe5 f6 24. Ne4 fxe5 25. Nc5+ Kc7 26. Rxe5 Rhe8 27.
Nxe6+ Kd6 28. Rae1 Bg8 29. Nc5 Rxe5 30. Rxe5 b6 31. Ne4+ Kd7 32. a3 Re8 33.
Rxd5+ Bxd5 34. Nf6+ Ke7 35. Nxd5+ Kd6 36. Ne3 Re4 37. h5 Rxd4 38. hxg6 Rg4 39.
Nxg4 1-0